logo

Bir Sreshtho Munshi Abdur Rouf Library
Jhenaidah Cadet College

Motion and time study : (Record no. 7043)

MARC details
000 -LEADER
fixed length control field 00933nam a2200313 4500
001 - CONTROL NUMBER
JCCL Control Number 7043
003 - CONTROL NUMBER IDENTIFIER
JCCL marc code MCM
005 - DATE AND TIME OF LATEST TRANSACTION
control field 20180418164719.0
008 - FIXED-LENGTH DATA ELEMENTS--GENERAL INFORMATION
fixed length control field 700528s1960 njua b 001 0 eng
020 ## - INTERNATIONAL STANDARD BOOK NUMBER
International Standard Book Number 0136030351
035 ## - SYSTEM CONTROL NUMBER
system control number MITb10144475
035 ## - SYSTEM CONTROL NUMBER
system control number (OCoLC)00076477
035 ## - SYSTEM CONTROL NUMBER
system control number GLIS00144475
040 ## - CATALOGING SOURCE
Original cataloging agency DLC
Transcribing agency DLC
Modifying agency m.c.
-- MYG
-- BD-JhCC
041 ## - LANGUAGE CODE
Language code of Book eng
082 ## - DEWEY DECIMAL CLASSIFICATION NUMBER
Classification number 658.542
Author mark and Year MUN 1960
090 ## - LOCALLY ASSIGNED LC-TYPE CALL NUMBER (OCLC); LOCAL CALL NUMBER (OCLC)
Classification number (OCLC) (R) ; Classification number, CALL (RLIN) (NR) HF5549.5.P35
Local cutter number (OCLC) ; Book number/undivided call number, CALL (RLIN) M965 1970
099 ## - LOCAL FREE-TEXT CALL NUMBER
Classification number HF5549.5.P35.M965 1970
100 1# - MAIN ENTRY--PERSONAL NAME
Personal name Mundel, Marvin E.
Fuller form of name (Marvin Everett),
Dates associated with a name 1916-1996.
245 10 - TITLE STATEMENT
Title Motion and time study :
Remainder of title principles and practices /
Statement of responsibility, etc [by] Marvin E. Mundel.
250 ## - EDITION STATEMENT
Edition statement 3rd ed.
260 ## - PUBLICATION, DISTRIBUTION, ETC. (IMPRINT)
Place of publication, distribution, etc Englewood Cliffs, N.J.,
Name of publisher, distributor, etc Prentice-Hall
Date of publication, distribution, etc [1960]
300 ## - PHYSICAL DESCRIPTION
Pagination xiv, 674 p.
Other physical details illus.
Dimensions 24 cm.
504 ## - BIBLIOGRAPHY, ETC. NOTE
Bibliography, etc Bibliography: p. 596-599.
650 #0 - SUBJECT ADDED ENTRY--TOPICAL TERM
Topical term or geographic name as entry element Motion study.
650 #0 - SUBJECT ADDED ENTRY--TOPICAL TERM
Topical term or geographic name as entry element Time study.
942 ## - ADDED ENTRY ELEMENTS (KOHA)
Source of classification or shelving scheme Dewey Decimal Classification
Koha item type Books
Holdings
Source of classification or shelving scheme Damaged status Not for loan Home library Current library Shelving location Date of accession Total Checkouts Full call number Barcode Date last seen Copy number Koha item type
Dewey Decimal Classification     JCC Rouf Library JCC Rouf Library General Stacks 02/04/2018   658.542 MUN 1960 9429 02/04/2018 C-1 Books
Dewey Decimal Classification     JCC Rouf Library JCC Rouf Library General Stacks     658.542 MUN 1960 12360 03/12/2018 C-2 Books

JCC Library | Contacts | JCC Home

Last Update on 23 September 2017
Copyright @ 2017-2020 JCC Rouf Library
Rouf Library, Jhenidah Cadet College (JCC), Bangladesh